00949cam a2200253 a 450000100100000000500170001000800410002701000150006802000150008303500210009804000230011904200100014205000260015210000280017824500360020626001310024230000210037350400780039465100430047291000330051508200170054895201130056599900170067800001901220200929165913.0020625s2001 bl b f000 0 por  a2002354262 a8574750344 a(DLC) 2002354262 aDO-SdBNPcDLCdDLC alcode00aPQ9698.1.C4bL38 20011 aAccioly, Marcus.94090110aLatinomerica /cMarcus Accioly. aRio de Janeiro, RJ :bMinisterio da Cultura, Fundacao Biblioteca Nacional, Departamento Nacional do Livro :bTopbooks,cc2001. a620 p. ;c23 cm. aIncludes bibliographical references by and about the author (p. 596-604). 0aLatin AmericaxHistoryvPoetry.940902 aCatalogación derivada / LC00a869.1/42221 001050718MOaGRbGRcCTd2010-05-21iLF1l0o869.1/42 p19012-10r2020-06-25w2020-06-25y1ZNo se presta c18530d18530